Estadísticas para Mapa de las Ciudades de México

Haz click aquí para tomar la prueba!

Estadísticas generales

  • Esta prueba ha sido tomada 4.841 veces
  • La puntuación promedio es 10 de 14

Respuestas en el mapa

Las respuestas están codificadas por una escala verde-roja en el mapa de la prueba según el % correcto abajo.
Cargando...
 

Estadísticas de respuestas

Respuesta% Correcto
Ciudad de México
88%
Cancún
79%
Cabo San Lucas
77%
Tijuana
74%
Acapulco
71%
Guadalajara
71%
Oaxaca
70%
Chihuahua
70%
Monterrey
69%
Mérida
68%
Juárez
68%
San Luis Potosí
65%
Guaymas
54%
Tampico
53%

Distribución de puntuación

Porcentaje por número respondido

Porcentaje de gente con cada puntuación

Historial de tus puntuaciones

No has tomado esta prueba